Les advantures du fameux chevalier Dom Quixot de la Mancha et de Sancho Pansa son escuyer (Record no. 4584)

MARC details
000 -CABECERA
campo de control de longitud fija 01174nam a2200253 a 4500
001 - NÚMERO DE CONTROL
campo de control BRCA_4890
005 - FECHA Y HORA DE LA ÚLTIMA TRANSACCIÓN
campo de control 20190320204839.0
008 - DATOS DE LONGITUD FIJA--INFORMACIÓN GENERAL
campo de control de longitud fija 151010s2005----sp-a######---#000-0#spa-#
020 ## - NÚMERO INTERNACIONAL ESTÁNDAR DEL LIBRO
Número Internacional Estándar del Libro 8460971961
041 ## - CÓDIGO DE LENGUA
Código de lengua del texto/banda sonora o título independiente spa
044 ## - CÓDIGO DEL PAÍS DE LA ENTIDAD EDITORA/PRODUCTORA
Código MARC del país sp
050 #4 - SIGNATURA TOPOGRÁFICA DE LA BIBLIOTECA DEL CONGRESO
Número de clasificación PQ6335
Número de documento/Ítem .L46 2005
100 1# - ENTRADA PRINCIPAL--NOMBRE DE PERSONA
Nombre de persona Lenaghan, Patrick
9 (RLIN) 2219
245 10 - MENCIÓN DE TÍTULO
Título Les advantures du fameux chevalier Dom Quixot de la Mancha et de Sancho Pansa son escuyer
Resto del título (Paris: 1650-1652)
Mención de responsabilidad, etc. Patrick Lenaghan ; José Manuel Lucía Megías.
260 ## - PUBLICACIÓN, DISTRIBUCIÓN, ETC.
Lugar de publicación, distribución, etc. Castilla-La Mancha (España)
Nombre del editor, distribuidor, etc. Empresa Pública Don Quijote de la Mancha
Fecha de publicación, distribución, etc. 2005
300 ## - DESCRIPCIÓN FÍSICA
Extensión 155 p.
Otras características físicas il. (algunas a color)
Dimensiones 25 cm.
500 ## - NOTA GENERAL
Nota general Incluye reproducciones facsímil de los grabados de Jacques Lagniet y los dibujos de Jerome David de las colecciones de la Hispanic Society of América y la Biblioteca del Cigarral del Carmen, en Toledo
504 ## - NOTA DE BIBLIOGRAFÍA, ETC.
Nota de bibliografía, etc. Bibliografía: p. [157-158]
600 14 - PUNTO DE ACCESO ADICIONAL DE MATERIA--NOMBRE DE PERSONA
Nombre de persona Cervantes Saavedra, Miguel de
Fechas asociadas al nombre 1547-1616
Título de la obra Don Quixote
Subdivisión de forma Ilustraciones
9 (RLIN) 12393
600 14 - PUNTO DE ACCESO ADICIONAL DE MATERIA--NOMBRE DE PERSONA
Nombre de persona Cervantes Saavedra, Miguel de
Fechas asociadas al nombre 1547-1616
Título de la obra Don Quixote
Subdivisión de forma Obras pictóricas
9 (RLIN) 12394
700 1# - PUNTO DE ACCESO ADICIONAL--NOMBRE DE PERSONA
Nombre de persona Lucía Megías, José Manuel
Término indicativo de función/relación coaut.
9 (RLIN) 9831
902 ## - CATALOGADOR
Iniciales CERV
942 ## - ELEMENTOS DE PUNTO DE ACCESO ADICIONAL (KOHA)
Fuente del sistema de clasificación o colocación Library of Congress Classification
Tipo de ítem Koha Libros
Holdings
Estado de retiro Estado de pérdida Estado dañado No para préstamo Localización permanente Ubicación/localización actual Fecha de adquisición Total de préstamos Signatura topográfica completa Código de barras Fecha visto por última vez Precio válido a partir de Tipo de ítem Koha
El ejemplar forma parte de la colección y puede ser consultado según las políticas vigentes.       Biblioteca del Museo Franz Mayer (Rogerio Casas-Alatriste) Biblioteca del Museo Franz Mayer (Rogerio Casas-Alatriste) 15/10/2010   PQ6335 .L46 2005 CERV00081 22/03/2019 22/03/2019 Libros